| 000 | 00941nam a2200253Ia 4500 | ||
|---|---|---|---|
| 003 | OSt | ||
| 005 | 20210823153211.0 | ||
| 008 | 210310s1968 ar gr 000 0 spa d | ||
| 040 |
_aCO-JMCR _cCO-JMCR |
||
| 041 | 0 | _aspa | |
| 082 | 0 | 4 |
_a332.45 / _bT825s _223 |
| 100 | 1 |
_aTriffin, Robert, _eautor _916711 |
|
| 245 | 1 | 3 |
_aEl sistema monetario internacional / _cRobert Triffin ; traducción, Susana Constante |
| 260 |
_aArgentina : _bRandom House, _c1968. |
||
| 300 |
_a220 páginas ; _c20 cm. |
||
| 490 | 0 | _aBiblioteca de Economía Política | |
| 504 | _aBibliografía : páginas 210-213. | ||
| 505 | _aLa evolución del sistema monetario internacional: 1815-1965. -- Planes de reforma y negociaciones. | ||
| 650 | 1 | 4 |
_aCiencias económicas _927669 |
| 650 | 2 | 4 |
_aFinanzas internacionales _95881 |
| 650 | 2 | 4 |
_aEmpresas comerciales internacionales _vFinanzas _939554 |
| 700 | 1 |
_aConstante, Susana, _etraductora _95277 |
|
| 942 |
_2ddc _cBK |
||
| 999 |
_c12239 _d12239 |
||